Taylor's clinical nursing skills : a nursing process approach

Bibliographic Details
Main Authors: Lynn, Pamela Barbara , 1961- (Author), Taylor, Carol [ (Carol R.)] (Author)
Format: Book
Published: Philadelphia : Lippincott Williams & Wilkins , c2008
Edition:2nd ed
Subjects:

MARC

LEADER 00000cam a2200000 7i4500
001 0000052844
005 20190416093000.0
008 090903s2008 paua eng
020 |a 0781774659 (alk. paper) 
020 |a 9780781774659 (alk. paper) 
090 0 0 |a RT41   |b .T39 2008 
100 1 |a Lynn, Pamela Barbara ,   |d 1961- ,   |e author 
245 1 0 |a Taylor's clinical nursing skills :   |b a nursing process approach   |c Pamela Lynn 
246 3 0 |a Clinical nursing skills 
250 |a 2nd ed 
260 |a Philadelphia :   |b Lippincott Williams & Wilkins ,   |c c2008 
300 |a xx, 1052 p. :   |b ill. (col.) ;   |c 28 cm.   |e 1 CD-ROM (4 3/4 in.) 
500 |a CD contains: videos, quizzes, review materials, etc. 
500 |a Rev. ed of: Taylor's clinical nursing skills / [edited by] Pamela Evans-Smith. c2005 
500 |a To accompany: Fundamentals of nursing / Carol Taylor .... [et al.]. 6th ed. c2008 
504 |a Includes bibliographical references (p. 947) and index 
505 0 |a 1. Actions basic to nursing care -- 2. Promoting healthy physiologic responses -- 3. Integrated case studies 
650 0 |a Nursing 
700 1 |a Taylor, Carol [  |q (Carol R.)] ,   |e author 
999 |a 1000119591   |b Book   |c OPEN SHELF (30 DAYS)   |e Gong Badak Campus 
999 |a 1000119592   |b CD-ROM   |c Close Access   |e Gong Badak Campus